[Event "Ljubljana-chT 75th"]
[Site "Ljubljana"]
[Date "2023.03.16"]
[Round "8.4"]
[White "Kampus, Vid"]
[Black "Erazem, Franc"]
[Result "1-0"]
[WhiteElo "1388"]
[BlackElo "1480"]
[PlyCount "33"]
[EventDate "2023.01.12"]
[EventType "team-swiss"]
[EventRounds "9"]
[EventCountry "SLO"]
[SourceTitle "EXT 2024"]
[Source "ChessBase"]
[SourceDate "2023.10.10"]
[SourceVersion "1"]
[SourceVersionDate "2023.10.10"]
[SourceQuality "1"]
[WhiteTeam "Dol"]
[BlackTeam "Crni Graben"]
[WhiteTeamCountry "SLO"]
[BlackTeamCountry "SLO"]

1. e4 c5 2. Nc3 g6 3. g3 Bg7 4. Bg2 d6 5. f4 Nc6 6. d3 a6 7. Nf3 Rb8 8. 0-0 f5 9. Bd2 Nf6 10. e5 dxe5 11. Nxe5 Nxe5 12. fxe5 Qd4+ 13. Kh1 Ng4 14. Qe2 Bxe5 15. Rae1 Bd6 16. Rf4 Bxf4 17. Qxe7# 1-0